El proceso estratégico / (Record no. 173590)
[ view plain ]
| 000 -CABECERA | |
|---|---|
| campo de control de longitud fija | 01570nam a2200433 a 4500 |
| 001 - NÚMERO DE CONTROL | |
| campo de control | dia_3091 |
| 003 - IDENTIFICADOR DEL NÚMERO DE CONTROL | |
| campo de control | CHAP |
| 005 - FECHA Y HORA DE LA ÚLTIMA TRANSACCIÓN | |
| campo de control | 20230926134356.0 |
| 007 - CAMPO FIJO DE DESCRIPCIÓN FÍSICA--INFORMACIÓN GENERAL | |
| campo de control de longitud fija | ta |
| 008 - DATOS DE LONGITUD FIJA--INFORMACIÓN GENERAL | |
| campo de control de longitud fija | 220117s1999 mx abd fr 001 0 spa d |
| 010 ## - NÚMERO DE CONTROL DE LA BIBLIOTECA DEL CONGRESO | |
| Número de control de LC | 173590 |
| 020 ## - NÚMERO INTERNACIONAL ESTÁNDAR DEL LIBRO | |
| Número Internacional Estándar del Libro | 84-8322-050-4 |
| 040 ## - FUENTE DE LA CATALOGACIÓN | |
| Centro/agencia transcriptor | CHAP |
| Centro catalogador/agencia de origen | mxchpua |
| 050 ## - SIGNATURA TOPOGRÁFICA DE LA BIBLIOTECA DEL CONGRESO | |
| Número de clasificación | HD30.28 |
| Número de documento/Ítem | .M56 1999 |
| 082 ## - NÚMERO DE LA CLASIFICACIÓN DECIMAL DEWEY | |
| Número de clasificación | 658.4 |
| Número de documento/Ítem | M56 1999 |
| Número de edición | 20 |
| 100 1# - ENTRADA PRINCIPAL--NOMBRE DE PERSONA | |
| Nombre de persona | Mintzberg, Henry |
| 9 (RLIN) | 76020 |
| Término indicativo de función/relación | autor |
| 240 14 - TÍTULO UNIFORME | |
| Título uniforme | The strategy process. |
| Lenguaje de la obra | Español |
| 245 13 - MENCIÓN DE TÍTULO | |
| Título | El proceso estratégico / |
| Mención de responsabilidad, etc. | Henry Mintzberg, James Brian Quinn y Sumantra Ghoshal ; traductor Eduardo Miño e Isabel Ozores; prologuista Zulima Fernández |
| 300 ## - DESCRIPCIÓN FÍSICA | |
| Extensión | xx, 864 páginas : |
| Otras características físicas | ilustraciones, mapas, gráficas, diagramas, tablas |
| 336 ## - TIPO DE CONTENIDO | |
| Término de tipo de contenido | texto |
| Código de tipo de contenido | txt |
| Fuente | rdacontent |
| 337 ## - TIPO DE MEDIO | |
| Nombre/término del tipo de medio | sin medio |
| Código del tipo de medio | n |
| Fuente | rdamedia |
| 338 ## - TIPO DE SOPORTE | |
| Nombre/término del tipo de soporte | volumen |
| Código del tipo de soporte | nc |
| Fuente | rdacarrier |
| 504 ## - NOTA DE BIBLIOGRAFÍA, ETC. | |
| Nota de bibliografía, etc. | Bibliografía: páginas 825-830 |
| 650 13 - PUNTO DE ACCESO ADICIONAL DE MATERIA--TÉRMINO DE MATERIA | |
| Término de materia o nombre geográfico como elemento de entrada | Planificación estratégica |
| 9 (RLIN) | 154035 |
| 650 13 - PUNTO DE ACCESO ADICIONAL DE MATERIA--TÉRMINO DE MATERIA | |
| Término de materia o nombre geográfico como elemento de entrada | Planificación estratégica |
| Subdivisión general | Estudio de casos |
| 9 (RLIN) | 154036 |
| 650 13 - PUNTO DE ACCESO ADICIONAL DE MATERIA--TÉRMINO DE MATERIA | |
| Término de materia o nombre geográfico como elemento de entrada | Strategic planning |
| 9 (RLIN) | 149286 |
| 650 13 - PUNTO DE ACCESO ADICIONAL DE MATERIA--TÉRMINO DE MATERIA | |
| Término de materia o nombre geográfico como elemento de entrada | Strategic planning |
| Subdivisión general | Case studies |
| 9 (RLIN) | 154037 |
| 700 1# - PUNTO DE ACCESO ADICIONAL--NOMBRE DE PERSONA | |
| Nombre de persona | Ghoshal, Sumantra |
| 9 (RLIN) | 154039 |
| Término indicativo de función/relación | autora |
| 700 1# - PUNTO DE ACCESO ADICIONAL--NOMBRE DE PERSONA | |
| Nombre de persona | Miño, Eduardo |
| 9 (RLIN) | 154040 |
| Término indicativo de función/relación | traductor |
| 700 1# - PUNTO DE ACCESO ADICIONAL--NOMBRE DE PERSONA | |
| Nombre de persona | Ozores, Isabel |
| 9 (RLIN) | 154041 |
| Término indicativo de función/relación | traductora |
| 700 1# - PUNTO DE ACCESO ADICIONAL--NOMBRE DE PERSONA | |
| Nombre de persona | Fernández, Zulima |
| 9 (RLIN) | 154038 |
| Término indicativo de función/relación | prologuista |
| 700 1# - PUNTO DE ACCESO ADICIONAL--NOMBRE DE PERSONA | |
| Nombre de persona | Quinn, James Brian |
| 9 (RLIN) | 93336 |
| Término indicativo de función/relación | autor |
| 942 ## - ELEMENTOS DE PUNTO DE ACCESO ADICIONAL (KOHA) | |
| Fuente del sistema de clasificación o colocación | Dewey Decimal Classification |
| 942 ## - ELEMENTOS DE PUNTO DE ACCESO ADICIONAL (KOHA) | |
| Tipo de ítem Koha | Libro |
| 260 ## - PUBLICACIÓN, DISTRIBUCIÓN, ETC. | |
| Lugar de publicación, distribución, etc. | España : |
| Nombre del editor, distribuidor, etc. | Prentice-Hall Iberia, |
| Fecha de publicación, distribución, etc. | 1999 |
| 901 ## - ELEMENTOS DE DATOS A LOCAL LDA (RLIN) | |
| a | 658.4 M56 1999 |
| 902 ## - ELEMENTOS DE DATOS B LOCAL, LDB (RLIN) | |
| a | M |
| 905 ## - ELEMENTOS DE DATOS E LOCAL, LDE (RLIN) | |
| a | 5232271999 sp aimn8222223322spa16 |
| Estado de retiro | Estado de pérdida | Fuente del sistema de clasificación o colocación | Estado dañado | Restricciones de uso | No para préstamo | Código de colección | Localización permanente | Ubicación/localización actual | Fecha de adquisición | Fuente de adquisición | Número de inventario | Total de préstamos | Signatura topográfica completa | Código de barras | Fecha visto por última vez | Número de copia | Precio válido a partir de | Tipo de ítem Koha | Fecha del último préstamo |
|---|---|---|---|---|---|---|---|---|---|---|---|---|---|---|---|---|---|---|---|
| Dewey Decimal Classification | Préstamo 5 días | General | Ingenieria Agroindustrial | Ingenieria Agroindustrial | 30/09/2004 | Compra | C/e | 658.4 M56 1999 | 1102005799 | 18/01/2022 | Ej. 5 | 18/01/2022 | Libro | ||||||
| Dewey Decimal Classification | Préstamo interno | General | Ingenieria Agroindustrial | Ingenieria Agroindustrial | 30/09/2004 | Compra | C/e | 1 | 658.4 M56 1999 | 1102005795 | 30/05/2023 | Ej. 1 | 18/01/2022 | Libro | 30/05/2023 | ||||
| Dewey Decimal Classification | Préstamo 5 días | General | Ingenieria Agroindustrial | Ingenieria Agroindustrial | 30/09/2004 | Compra | C/e | 658.4 M56 1999 | 1102005796 | 18/01/2022 | Ej. 2 | 18/01/2022 | Libro | ||||||
| Dewey Decimal Classification | Préstamo 5 días | General | Ingenieria Agroindustrial | Ingenieria Agroindustrial | 30/09/2004 | Compra | C/e | 658.4 M56 1999 | 1102005797 | 18/01/2022 | Ej. 3 | 18/01/2022 | Libro | ||||||
| Dewey Decimal Classification | Préstamo 5 días | General | Ingenieria Agroindustrial | Ingenieria Agroindustrial | 30/09/2004 | Compra | C/e | 658.4 M56 1999 | 1102005798 | 18/01/2022 | Ej. 4 | 18/01/2022 | Libro |
